| 000 | 00831nam a22002297a 4500 | ||
|---|---|---|---|
| 999 |
_c17743 _d17743 |
||
| 003 | AR-CdUCM | ||
| 008 | 190509b ||||| |||| 00| 0 spa d | ||
| 040 |
_aMUNICIPALIDAD PROVINCIAL DEL CUSCO _cBIBLIOTECA MUNICIPAL DEL CUSCO |
||
| 082 |
_a323.2951 / _bV28 |
||
| 100 |
_aVan Ness, Peter _937902 |
||
| 245 |
_aRevolución y política exterior china : _bEl apoyo de Pekín a las guerras de liberación nacional / |
||
| 260 |
_aBuenos Aires : _bEdiciones Libera, _c1970. |
||
| 300 |
_a285 paginas ; _bIlustraciones, graficos, dibujos, _c20.5 cm. |
||
| 500 | _aChina | ||
| 505 | _aContenido: Primera parte -- Segunda parte -- Tercera parte... | ||
| 650 |
_aChina _9843 |
||
| 650 |
_aOrganizaciones _95967 |
||
| 650 |
_aLiteratura _983 |
||
| 700 |
_aLuzzi, Aurora R. de _937903 |
||
| 942 |
_2ddc _cLIBROS |
||
| 945 |
_apjha _d2019-05-09 |
||